000
00304nam a22001337a 4500
003
SGT
082
_a
617.7
_b
M08G
100
_a
GARG, ASHOK
245
_a
MASTERING THE TECHNIQUES OF LASER APPLICATION
260
_a
INDIA
_b
JAYPEE
_c
2008
300
_a
872
650
_a
OPHTHALMOLOGY
942
_2
ddc
_c
BK
999
_c
14537
_d
14537